La transferencia de tecnología: algunos aspectos básicos /
Uloženo v:
| Hlavní autor: | |
|---|---|
| Médium: | Text |
| Tagy: |
Přidat tag
Žádné tagy, Buďte první, kdo vytvoří štítek k tomuto záznamu!
|
MARC
| LEADER | 00000 a a2200000 04500 | ||
|---|---|---|---|
| 001 | 14171 | ||
| 003 | |||
| 040 | |||
| 100 | |a Hernández G, Jorge | ||
| 245 | |a La transferencia de tecnología: |b algunos aspectos básicos / |c Jorge Hernández G | ||
| 773 | |g número 1; páginas 75-90 | ||
| 999 | |c 30457 |d 30457 | ||
